• 首页
  • 本馆介绍
  • 公告通知
  • 最新文献
  • 馆藏检索
  • 电子资源
  • 读者导购
  • 参考咨询
  • 我的图书馆
  • 登录
  • 详细信息显示
  • 放入我的书架
  • 预约/预借图书
  • 作者相关作品
  • 分类相关作品
  • 丛书相关作品
  • 出版社相关作品

书目信息

  • 表格格式
  • 工作单格式
  • 卡片格式
题名:
外国美术名家传
    
 
作者: 奚静之 , 邵大箴 主编
分册: 上册  
出版信息: 桂林   广西师范大学出版社  2003
页数: 305~611页
开本: 21cm
丛书名: 贝贝特艺术广场
单 册:
中图分类: K815.72 , K815.7
科图分类:
主题词: 美术家 , 美术家--列传--外国
电子资源:
ISBN: 7-5633-3845-4
000 00996oam2 2200301 450
001 1554277532
005 20150120150514.04
010    @a7-5633-3845-4@dCNY19.90
100    @a20030519d2003 em y0chiy0110 ea
101 0  @achi
102    @aCN@b450000
105    @ay z 000yc
200 1  @a外国美术名家传@9wai guo mei shu ming jia chuan@h上册@f邵大箴,奚静之主编
210    @a桂林@c广西师范大学出版社@d2003
215    @a305~611页@d21cm
225 2  @a贝贝特艺术广场@i绘画艺术书系@v17
330    @a本书收入了世界各国一百多位著名美术家的传记,重点对每一位画家的成长历程、著名代表作及艺术流派作了简明扼要的介绍。
461  0 @12001 @a贝贝特艺术广场
462  0 @12001 @a绘画艺术书系
510 1  @aThe Foreign Famous Artists of Fine Arts@zeng
606 0  @a美术家
606 0  @a美术家@x列传@y外国
690    @aK815.72@v5
690    @aK815.7@v4
701  0 @a奚静之@9xi jing zhi@4主编
701  0 @a邵大箴@9shao da zhen@4主编
801  0 @aCN@bTSSF@c20150120
905    @aZUCC@dK815.7@eJY47:1
    
    外国美术名家传.上册/邵大箴,奚静之主编.-桂林:广西师范大学出版社,2003
    305~611页;21cm.-(贝贝特艺术广场.绘画艺术书系;17)
    
    
    ISBN 7-5633-3845-4:CNY19.90
    本书收入了世界各国一百多位著名美术家的传记,重点对每一位画家的成长历程、著名代表作及艺术流派作了简明扼要的介绍。
●
相关链接 在E读中查询图书 在五车中查询图书 在当当中查询图书 在豆瓣中查询图书


正题名:外国美术名家传     索取号:K815.7/JY47:1         预约/预借

序号 登录号 条形码 馆藏地/架位号 状态 备注
1 7836851   278368516   学院路分馆/ [索取号:K815.7/JY47:1] 在馆    
2 7836852   278368525   学院路分馆/ [索取号:K815.7/JY47:1] 在馆    
3 7836853   278368534   学院路分馆/ [索取号:K815.7/JY47:1] 在馆    
4 7836854   278368543   学院路分馆/ [索取号:K815.7/JY47:1] 在馆    
唐山师范学院图书馆 欢迎您!
大连网信软件有限公司© 版权所有